| 000 | 01027nam a2200349 a 4500 | ||
|---|---|---|---|
| 003 | AR-BaBNM | ||
| 005 | 20251128205543.0 | ||
| 008 | 082120s2002 ||||||||||||||000 | spa|| | ||
| 020 | _a950-9467-71-5 | ||
| 040 | _cAR-BaBNM | ||
| 100 | 1 | _aSalama, Pierre | |
| 245 | 0 | 0 | _aNeoliberalismo, pobrezas y desigualdades en el tercer mundo |
| 250 | _a1ª ed. | ||
| 260 |
_aBuenos Aires _bMiño y Dávila _c1996 |
||
| 300 |
_a242 p. _btablas, diagr. |
||
| 490 | 0 | _aPolíticas públicas | |
| 504 | _aBibliografía: p. 227-242 | ||
| 650 | 4 | _aPOBREZA | |
| 650 | 4 | _aCONDICIONES DE VIDA | |
| 650 | 4 | _aDIFERENCIACION SOCIAL | |
| 650 | 4 | _aDIFERENCIACION CULTURAL | |
| 650 | 4 | _aESTRUCTURA SOCIAL | |
| 650 | 4 | _aPOLITICA ECONOMICA | |
| 653 | _aNEOLIBERALISMO | ||
| 653 | _aTERCER MUNDO | ||
| 700 | 1 | _aValier, Jacques | |
| 700 | 1 |
_aTaddei, Emilio _etraductor |
|
| 700 | 1 |
_aLo Vuolo, Rubén M. _eprologuista |
|
| 810 | 2 | _aCentro Interdisciplinario para el Estudio de Políticas Públicas | |
| 942 | _cBK | ||
| 998 | _csilvi | ||
| 999 |
_c11857 _d11857 |
||